000 00962nam a2200217 a 4500
008 101111s2010 ||||||||||||||||| || u
020 _a9782869783157
050 _aCODESRIA(08)
100 _aIbrahim, Jibrin
245 1 2 _aA study of the independent national electoral commission of Nigeria
_cby Ibrahim, Jibrin and Garuba, Dauda
260 _aDakar, Senegal:
_bCouncil for the Development of Social Science Research in Africa. (CODESRIA)
_c2010
300 _aviii, 104p.: ill.
350 _a0.00
362 1 _a<p>Governance and Institution-Building in Africa: No. 1, 2010</p>
490 _aCODESRIA research reports
490 _vNo. 1
650 _aELECTIONS--NIGERIA
700 _aGaruba, Dauda
710 _aCouncil for the Development of Social Science Research in Africa (CODESRIA)
995 _FCBU-MAIN LIBRARY (Kitwe)
_I0.00
_M1
_UAVAILABLE
_WJan 15, 2014
_ZInternational Publications
999 _c58939
_d58939